Nevyužitá brána na východ V Bielorusku podniká iba desať spoločných podnikov

Bibliographic Details
Main Author: Matejovič, Róbert, 1967- (Author)
Format: Article
Language:Slovak
PhysicalDescription:Graf 1. tab. 1
Subjects:

MARC

LEADER 00000nab a2200000 a 4500
001 vtls000646232
003 SK-MaSNL
005 20260304040410.0
008 160401c1997 xo 0 slo
015 |a SNBRB19rr/mm-uuuuu 
035 |a CL0646371 
040 |a SNKBUCL  |b slo  |c SNKBUCL  |e AACR2 
041 0 |a slo 
044 |a xo  |c SK 
080 |a 338.1(476):339.727(476)  |2 1981 
080 |a 339.727(476)  |2 1981 
100 1 |a Matejovič, Róbert,  |d 1967-  |4 aut  |9 9938 
245 1 0 |a Nevyužitá brána na východ  |b V Bielorusku podniká iba desať spoločných podnikov  |c Róbert Matejovič 
300 |b Graf 1. tab. 1 
650 0 7 |a ekonomika  |2 snkbucl  |9 789 
650 0 7 |a zahraničné investície  |2 snkbucl  |9 2650 
651 7 |a Bielorusko  |2 snkbucl  |9 29235 
655 7 |a články z novín a časopisov  |2 snkbucl  |9 267496 
773 0 |t Slovenský profit  |g Roč. 5, č. 51 (1997), s. 12 
850 |a Slovenská národná knižnica v Martine  |a MTA001 
852 |a SNK  |b KIS3GCP 
958 |a BY 
958 |a RK 
958 |a RBX 
999 |c 2663036  |d 2664966